Asiles (Record no. 72809)
[ view plain ]
| 000 -LEADER | |
|---|---|
| campo de control de longitud fija | 00847nam a2200253 i 4500 |
| 001 - NÚMERO DE CONTROL | |
| campo de control | 72809 |
| 003 - IDENTIFICADOR DE NÚMERO DE CONTROL | |
| campo de control | ES-MaACL |
| 005 - FECHA Y HORA DE LA ÚLTIMA TRANSACCIÓN | |
| campo de control | 20230906171550.0 |
| 007 - CAMPO FIJO DE DESCRIPCIÓN FÍSICA--INFORMACIÓN GENERAL | |
| campo de control de longitud fija | t| |
| 008 - DATOS DE LONGITUD FIJA--INFORMACIÓN GENERAL | |
| campo de control de longitud fija | 040903s1968 fr ||||1| fre d |
| 020 ## - NÚMERO INTERNACIONAL ESTÁNDAR DEL LIBRO | |
| Número Internacional Estándar del Libro | 2-7073-0083-7 |
| 100 1# - ENTRADA PRINCIPAL--NOMBRE DE PERSONA | |
| Nombre de persona | Goffman, Erving. |
| 9 (RLIN) | 57590 |
| 245 10 - MENCIÓN DEL TÍTULO | |
| Título | Asiles |
| Resto del título | : études sur la condition sociales des malades mentaux et autres reclus / |
| Mención de responsabilidad, etc. | Erving Goffman ; traduction de Liliane et Claude Lainé ; présentation, index et notes de Robert Castel. |
| 260 ## - PUBLICACIÓN, DISTRIBUCIÓN, ETC. | |
| Lugar de publicación, distribución, etc. | París : |
| Nombre del editor, distribuidor, etc. | Les Editions de Minuit, |
| Fecha de publicación, distribución, etc. | [1968] |
| 300 ## - DESCRIPCIÓN FÍSICA | |
| Extensión | 447 p. ; |
| Dimensiones | 22 cm. |
| 490 1# - MENCIÓN DE SERIE | |
| Mención de serie | Le sens commun |
| 500 ## - NOTA GENERAL | |
| Nota general | Indices. |
| 700 1# - ENTRADA AGREGADA--NOMBRE PERSONAL | |
| Nombre de persona | Lainé, Liliane. |
| 9 (RLIN) | 69687 |
| 700 1# - ENTRADA AGREGADA--NOMBRE PERSONAL | |
| Nombre de persona | Lainé, Claude. |
| 9 (RLIN) | 69685 |
| 700 1# - ENTRADA AGREGADA--NOMBRE PERSONAL | |
| Nombre de persona | Castel, Robert. |
| 9 (RLIN) | 36470 |
| 830 0# - PUNTO DE ACCESO ADICIONAL DE SERIE-TÍTULO UNIFORME | |
| Título uniforme | Le sens commun |
| 9 (RLIN) | 177400 |
| 852 ## - LOCALIZACIÓN | |
| Ubicación | ES-MaACL |
| Número de control de estantería | L-10490 |
| Sublocalización o colección | R.112318 |
| Estatus retirado | Estado de pérdida | Estado de daño | No para préstamo | Biblioteca de origen | Biblioteca actual | Ubicación en estantería | Fecha de adquisición | Fuente de adquisición | Total de préstamos | Signatura topográfica completa | Código de barras | Visto por última vez | Precio de reemplazo | Tipo de ítem Koha |
|---|---|---|---|---|---|---|---|---|---|---|---|---|---|---|
| Biblioteca del Ateneo de Madrid | Biblioteca del Ateneo de Madrid | Depósito 2 | 17/01/2008 | L-10490 | 1076217 | 23/02/2023 | 23/02/2023 | Libro impreso |
